[Event "DVM U20 2020"]
[Site "Willingen GER"]
[Date "2021.06.25"]
[Round "4"]
[White "Kololli, Martin"]
[Black "Burian, Simon"]
[Result "0-1"]
[Termination "normal"]
[Board "3.1"]
[WhiteTitle "FM"]
[WhiteElo "2316"]
[BlackElo "2106"]
[WhiteClock "00:21:45"]
[BlackClock "00:19:30"]
[WhiteTeam "Lübecker SV von 1873"]
[BlackTeam "Schachklub König Plauen"]
[PlyCount "74"]
[WhiteFideId "12936910"]
[BlackFideId "12956902"]
[EventCountry "GER"]
[EventRounds "7"]
[EventType "team-swiss"]
[EventDate "2021.06.23"]

1. e4 {[%clk 01:30:56]} {[%emt 00:00:03]} c6 {[%clk 01:30:55]} {[%emt
00:00:06]} 2. c4 {[%clk 01:31:14]} {[%emt 00:00:12]} d5 {[%clk 01:31:19]}
{[%emt 00:00:06]} 3. exd5 {[%clk 01:31:39]} {[%emt 00:00:05]} cxd5 {[%clk
01:31:45]} {[%emt 00:00:04]} 4. cxd5 {[%clk 01:32:00]} {[%emt 00:00:08]} Nf6
{[%clk 01:32:10]} {[%emt 00:00:06]} 5. Nc3 {[%clk 01:32:24]} {[%emt 00:00:05]}
Nxd5 {[%clk 01:32:34]} {[%emt 00:00:07]} 6. Nf3 {[%clk 01:32:49]} {[%emt
00:00:05]} Nc6 {[%clk 01:32:55]} {[%emt 00:00:09]} 7. d4 {[%clk 01:33:08]}
{[%emt 00:00:11]} Bf5 {[%clk 01:33:18]} {[%emt 00:00:08]} 8. Bc4 {[%clk
01:32:26]} {[%emt 00:01:11]} e6 {[%clk 01:28:06]} {[%emt 00:05:43]} 9. O-O
{[%clk 01:30:49]} {[%emt 00:02:06]} Be7 {[%clk 01:24:37]} {[%emt 00:03:59]} 10.
Bxd5 {[%clk 01:23:44]} {[%emt 00:07:35]} exd5 {[%clk 01:25:01]} {[%emt
00:00:06]} 11. Qb3 {[%clk 01:23:55]} {[%emt 00:00:18]} Nb4 {[%clk 01:20:57]}
{[%emt 00:04:34]} 12. Qa4+ {[%clk 01:22:36]} {[%emt 00:01:49]} Bd7 {[%clk
01:19:47]} {[%emt 00:01:41]} 13. Qb3 {[%clk 01:20:50]} {[%emt 00:02:16]} Bf5
{[%clk 01:20:06]} {[%emt 00:00:11]} 14. Qa4+ {[%clk 01:19:26]} {[%emt
00:01:54]} Bd7 {[%clk 01:19:01]} {[%emt 00:01:36]} 15. Qd1 {[%clk 01:19:36]}
{[%emt 00:00:19]} Bg4 {[%clk 01:11:34]} {[%emt 00:07:56]} 16. h3 {[%clk
01:10:44]} {[%emt 00:09:23]} Be6 {[%clk 01:10:08]} {[%emt 00:01:56]} 17. Ne5
{[%clk 01:08:26]} {[%emt 00:02:48]} O-O {[%clk 00:59:35]} {[%emt 00:11:03]} 18.
a3 {[%clk 01:08:20]} {[%emt 00:00:35]} Nc6 {[%clk 00:59:10]} {[%emt 00:00:56]}
19. Nxc6 {[%clk 01:08:32]} {[%emt 00:00:18]} bxc6 {[%clk 00:59:35]} {[%emt
00:00:06]} 20. Be3 {[%clk 01:08:35]} {[%emt 00:00:25]} Bd6 {[%clk 00:50:43]}
{[%emt 00:09:23]} 21. Na4 {[%clk 01:06:10]} {[%emt 00:02:55]} Qh4 {[%clk
00:47:08]} {[%emt 00:04:05]} 22. Qd2 {[%clk 00:56:29]} {[%emt 00:10:10]} Bxh3
{[%clk 00:40:33]} {[%emt 00:07:06]} 23. gxh3 {[%clk 00:56:40]} {[%emt
00:00:18]} Rfe8 {[%clk 00:40:21]} {[%emt 00:00:42]} 24. Nc5 {[%clk 00:47:07]}
{[%emt 00:10:03]} Qxh3 {[%clk 00:39:48]} {[%emt 00:01:04]} 25. Bf4 {[%clk
00:47:19]} {[%emt 00:00:17]} Bxc5 {[%clk 00:37:24]} {[%emt 00:02:54]} 26. dxc5
{[%clk 00:46:54]} {[%emt 00:00:55]} Re6 {[%clk 00:37:31]} {[%emt 00:00:23]} 27.
Qc3 {[%clk 00:44:01]} {[%emt 00:03:23]} Rg6+ {[%clk 00:37:51]} {[%emt
00:00:11]} 28. Bg3 {[%clk 00:44:27]} {[%emt 00:00:04]} h5 {[%clk 00:37:55]}
{[%emt 00:00:26]} 29. Rae1 {[%clk 00:39:21]} {[%emt 00:05:36]} h4 {[%clk
00:37:37]} {[%emt 00:00:48]} 30. Re3 {[%clk 00:39:44]} {[%emt 00:00:07]} f5
{[%clk 00:29:13]} {[%emt 00:08:54]} 31. Qd3 {[%clk 00:30:06]} {[%emt 00:10:08]}
Rf8 {[%clk 00:22:52]} {[%emt 00:06:51]} 32. Rfe1 {[%clk 00:27:42]} {[%emt
00:02:53]} Qg4 {[%clk 00:21:37]} {[%emt 00:01:45]} 33. Re8 {[%clk 00:21:55]}
{[%emt 00:06:17]} hxg3 {[%clk 00:20:09]} {[%emt 00:02:00]} 34. Rxf8+ {[%clk
00:22:14]} {[%emt 00:00:11]} Kxf8 {[%clk 00:20:34]} {[%emt 00:00:04]} 35. f3
{[%clk 00:22:01]} {[%emt 00:00:43]} Qh5 {[%clk 00:19:46]} {[%emt 00:01:18]} 36.
Qe2 {[%clk 00:22:15]} {[%emt 00:00:16]} Kg8 {[%clk 00:19:30]} {[%emt 00:00:46]}
37. Kf1 {[%clk 00:21:45]} {[%emt 00:00:59]} Qh1# {[%emt 00:00:06]} 0-1

[Event "DVM U20 2020"]
[Site "Willingen GER"]
[Date "2021.06.25"]
[Round "4"]
[White "Linnert, Niklas"]
[Black "Bosselmann, Tom Linus"]
[Result "1-0"]
[Termination "normal"]
[Board "3.2"]
[WhiteElo "2043"]
[BlackElo "2060"]
[WhiteClock "00:22:35"]
[BlackClock "00:16:42"]
[WhiteTeam "Schachklub König Plauen"]
[BlackTeam "Lübecker SV von 1873"]
[PlyCount "105"]
[WhiteFideId "12974781"]
[BlackFideId "12983845"]
[EventCountry "GER"]
[EventRounds "7"]
[EventType "team-swiss"]
[EventDate "2021.06.23"]

1. e4 {[%clk 01:30:55]} {[%emt 00:00:05]} c5 {[%clk 01:30:55]} {[%emt
00:00:04]} 2. Nf3 {[%clk 01:31:22]} {[%emt 00:00:04]} d6 {[%clk 01:31:21]}
{[%emt 00:00:04]} 3. d4 {[%clk 01:31:49]} {[%emt 00:00:03]} cxd4 {[%clk
01:31:46]} {[%emt 00:00:05]} 4. Nxd4 {[%clk 01:32:14]} {[%emt 00:00:05]} Nf6
{[%clk 01:32:11]} {[%emt 00:00:05]} 5. Nc3 {[%clk 01:32:40]} {[%emt 00:00:04]}
g6 {[%clk 01:32:34]} {[%emt 00:00:06]} 6. Be3 {[%clk 01:32:55]} {[%emt
00:00:16]} Bg7 {[%clk 01:32:59]} {[%emt 00:00:05]} 7. f3 {[%clk 01:33:22]}
{[%emt 00:00:03]} O-O {[%clk 01:33:22]} {[%emt 00:00:07]} 8. Qd2 {[%clk
01:33:50]} {[%emt 00:00:02]} Nc6 {[%clk 01:33:32]} {[%emt 00:00:21]} 9. O-O-O
{[%clk 01:33:53]} {[%emt 00:00:26]} d5 {[%clk 01:31:40]} {[%emt 00:02:22]} 10.
exd5 {[%clk 01:31:30]} {[%emt 00:02:54]} Nxd5 {[%clk 01:32:03]} {[%emt
00:00:06]} 11. Nxc6 {[%clk 01:30:08]} {[%emt 00:01:52]} bxc6 {[%clk 01:32:25]}
{[%emt 00:00:08]} 12. Bd4 {[%clk 01:23:42]} {[%emt 00:06:56]} e5 {[%clk
01:32:21]} {[%emt 00:00:33]} 13. Bc5 {[%clk 01:21:46]} {[%emt 00:02:28]} Be6
{[%clk 01:25:18]} {[%emt 00:07:32]} 14. Bc4 {[%clk 01:03:14]} {[%emt 00:19:02]}
Nxc3 {[%clk 01:01:15]} {[%emt 00:24:32]} 15. Qxc3 {[%clk 01:03:04]} {[%emt
00:00:40]} Qg5+ {[%clk 01:01:03]} {[%emt 00:00:43]} 16. Be3 {[%clk 01:03:05]}
{[%emt 00:00:29]} Qe7 {[%clk 01:00:36]} {[%emt 00:00:56]} 17. Bxe6 {[%clk
01:01:37]} {[%emt 00:01:59]} Qxe6 {[%clk 01:00:53]} {[%emt 00:00:12]} 18. Qb3
{[%clk 01:01:01]} {[%emt 00:01:07]} Qf6 {[%clk 00:58:51]} {[%emt 00:02:29]} 19.
c3 {[%clk 00:59:30]} {[%emt 00:02:04]} Rfb8 {[%clk 00:58:01]} {[%emt 00:01:20]}
20. Qc4 {[%clk 00:58:12]} {[%emt 00:01:49]} Rd8 {[%clk 00:54:05]} {[%emt
00:04:25]} 21. Rxd8+ {[%clk 00:56:20]} {[%emt 00:02:23]} Rxd8 {[%clk 00:52:42]}
{[%emt 00:01:53]} 22. Rd1 {[%clk 00:54:39]} {[%emt 00:02:10]} Rxd1+ 23. Kxd1
{[%clk 00:55:09]} Qf5 {[%clk 00:44:20]} {[%emt 00:04:17]} 24. Kc1 {[%clk
00:54:36]} {[%emt 00:01:04]} h5 {[%clk 00:41:56]} {[%emt 00:02:54]} 25. b4
{[%clk 00:53:17]} {[%emt 00:01:49]} Qd7 {[%clk 00:40:33]} {[%emt 00:01:53]} 26.
a4 {[%clk 00:51:51]} {[%emt 00:01:56]} Kh7 {[%clk 00:36:20]} {[%emt 00:04:42]}
27. Kc2 {[%clk 00:51:45]} {[%emt 00:00:37]} Qf5+ {[%clk 00:35:43]} {[%emt
00:01:04]} 28. Qd3 {[%clk 00:52:01]} {[%emt 00:00:17]} Qe6 {[%clk 00:34:33]}
{[%emt 00:01:40]} 29. Kb2 {[%clk 00:49:17]} {[%emt 00:03:14]} f5 {[%clk
00:34:01]} {[%emt 00:01:02]} 30. Bxa7 {[%clk 00:46:38]} {[%emt 00:03:09]} e4
{[%clk 00:34:08]} {[%emt 00:00:22]} 31. fxe4 {[%clk 00:47:08]} {[%emt
00:00:02]} fxe4 {[%clk 00:34:27]} {[%emt 00:00:10]} 32. Qe2 {[%clk 00:46:53]}
{[%emt 00:00:45]} e3 {[%clk 00:23:39]} {[%emt 00:11:18]} 33. Qxe3 {[%clk
00:35:58]} {[%emt 00:11:25]} Qg4 {[%clk 00:23:50]} {[%emt 00:00:19]} 34. Bc5
{[%clk 00:36:20]} {[%emt 00:00:08]} Qxg2+ {[%clk 00:23:37]} {[%emt 00:00:43]}
35. Qf2 {[%clk 00:36:42]} {[%emt 00:00:08]} Qd5 {[%clk 00:23:50]} {[%emt
00:00:16]} 36. a5 {[%clk 00:35:59]} {[%emt 00:01:13]} Qc4 {[%clk 00:24:11]}
{[%emt 00:00:09]} 37. Qe3 {[%clk 00:35:49]} {[%emt 00:00:41]} Bf6 {[%clk
00:23:28]} {[%emt 00:01:13]} 38. Bd4 {[%clk 00:34:52]} {[%emt 00:01:27]} Bxd4
{[%clk 00:22:30]} {[%emt 00:01:27]} 39. Qxd4 {[%clk 00:35:21]} Qb5 {[%clk
00:20:13]} {[%emt 00:02:47]} 40. Kb3 {[%clk 00:35:07]} {[%emt 00:00:45]} Qf5
{[%clk 00:20:08]} {[%emt 00:00:34]} 41. Kb2 {[%clk 00:29:04]} {[%emt 00:06:34]}
Qb5 {[%clk 00:20:29]} {[%emt 00:00:08]} 42. Qd7+ {[%clk 00:28:52]} {[%emt
00:00:42]} Kh6 {[%clk 00:19:30]} {[%emt 00:01:30]} 43. Kb3 {[%clk 00:29:04]}
{[%emt 00:00:18]} Qa6 {[%clk 00:18:08]} {[%emt 00:01:51]} 44. c4 {[%clk
00:29:00]} {[%emt 00:00:35]} h4 {[%clk 00:17:18]} {[%emt 00:01:19]} 45. Qd4
{[%clk 00:21:56]} {[%emt 00:07:34]} g5 {[%clk 00:17:17]} {[%emt 00:00:31]} 46.
Ka4 {[%clk 00:20:45]} {[%emt 00:01:42]} Qc8 {[%clk 00:17:22]} {[%emt 00:00:24]}
47. b5 {[%clk 00:20:53]} {[%emt 00:00:23]} cxb5+ {[%clk 00:17:46]} {[%emt
00:00:06]} 48. cxb5 {[%clk 00:21:20]} {[%emt 00:00:03]} Qc2+ {[%clk 00:17:27]}
{[%emt 00:00:49]} 49. Kb4 {[%clk 00:21:49]} {[%emt 00:00:01]} Qxh2 {[%clk
00:17:06]} {[%emt 00:00:51]} 50. a6 {[%clk 00:21:55]} {[%emt 00:00:24]} h3
{[%clk 00:16:44]} {[%emt 00:00:52]} 51. a7 {[%clk 00:22:07]} {[%emt 00:00:18]}
Qg2 {[%clk 00:16:27]} {[%emt 00:00:47]} 52. Qh8+ {[%clk 00:22:35]} {[%emt
00:00:01]} Kg6 {[%clk 00:16:42]} {[%emt 00:00:15]} 53. a8=Q {[%emt 00:00:35]}
1-0

[Event "DVM U20 2020"]
[Site "Willingen GER"]
[Date "2021.06.25"]
[Round "4"]
[White "Bornholdt, Joa Max"]
[Black "Graf, Lucas"]
[Result "1-0"]
[Termination "normal"]
[Board "3.3"]
[WhiteElo "1998"]
[BlackElo "1882"]
[WhiteClock "00:40:20"]
[BlackClock "00:06:18"]
[WhiteTeam "Lübecker SV von 1873"]
[BlackTeam "Schachklub König Plauen"]
[PlyCount "63"]
[WhiteFideId "16253477"]
[BlackFideId "12974889"]
[EventCountry "GER"]
[EventRounds "7"]
[EventType "team-swiss"]
[EventDate "2021.06.23"]

1. e4 {[%clk 01:30:50]} {[%emt 00:00:08]} c5 {[%clk 01:30:48]} {[%emt
00:00:14]} 2. c3 {[%clk 01:31:14]} {[%emt 00:00:06]} Nf6 {[%clk 01:30:39]}
{[%emt 00:00:39]} 3. e5 {[%clk 01:31:39]} {[%emt 00:00:05]} Nd5 {[%clk
01:31:04]} {[%emt 00:00:05]} 4. d4 {[%clk 01:32:05]} {[%emt 00:00:05]} cxd4
{[%clk 01:31:26]} {[%emt 00:00:08]} 5. Nf3 {[%clk 01:32:29]} {[%emt 00:00:05]}
Nc6 {[%clk 01:30:50]} {[%emt 00:01:06]} 6. Bc4 {[%clk 01:32:36]} {[%emt
00:00:23]} Nb6 {[%clk 01:26:03]} {[%emt 00:05:17]} 7. Bb3 {[%clk 01:32:03]}
{[%emt 00:01:04]} e6 {[%clk 01:22:21]} {[%emt 00:04:11]} 8. cxd4 {[%clk
01:31:58]} {[%emt 00:00:36]} d6 {[%clk 01:19:44]} {[%emt 00:03:06]} 9. Qe2
{[%clk 01:29:51]} {[%emt 00:02:37]} Be7 {[%clk 01:17:50]} {[%emt 00:02:24]} 10.
O-O {[%clk 01:30:12]} {[%emt 00:00:09]} O-O {[%clk 01:15:36]} {[%emt 00:02:45]}
11. exd6 {[%clk 01:26:04]} {[%emt 00:04:36]} Qxd6 {[%clk 01:15:06]} {[%emt
00:01:01]} 12. Qe4 {[%clk 01:26:08]} {[%emt 00:00:26]} Nd5 {[%clk 01:12:57]}
{[%emt 00:02:39]} 13. Nc3 {[%clk 01:24:48]} {[%emt 00:01:50]} f5 {[%clk
01:06:58]} {[%emt 00:06:30]} 14. Qe2 {[%clk 01:21:00]} {[%emt 00:04:17]} Bf6
{[%clk 01:05:25]} {[%emt 00:02:04]} 15. Re1 {[%clk 01:19:35]} {[%emt 00:01:55]}
a6 {[%clk 00:58:50]} {[%emt 00:07:05]} 16. g3 {[%clk 01:16:52]} {[%emt
00:03:13]} Rd8 {[%clk 00:36:48]} {[%emt 00:22:31]} 17. Nxd5 {[%clk 01:11:52]}
{[%emt 00:05:30]} exd5 {[%clk 00:37:10]} {[%emt 00:00:09]} 18. Bf4 {[%clk
01:12:15]} {[%emt 00:00:07]} Qe7 {[%clk 00:31:52]} {[%emt 00:05:48]} 19. Qd3
{[%clk 01:09:27]} {[%emt 00:03:18]} Qf7 {[%clk 00:27:12]} {[%emt 00:05:10]} 20.
Rac1 {[%clk 01:08:10]} {[%emt 00:01:46]} Be6 {[%clk 00:24:58]} {[%emt
00:02:44]} 21. Rc5 {[%clk 01:03:28]} {[%emt 00:05:13]} Rac8 {[%clk 00:24:10]}
{[%emt 00:01:18]} 22. Kg2 {[%clk 00:54:00]} {[%emt 00:09:57]} Kh8 {[%clk
00:22:10]} {[%emt 00:02:30]} 23. a3 {[%clk 00:51:40]} {[%emt 00:02:50]} h6
{[%clk 00:22:24]} {[%emt 00:00:15]} 24. h4 {[%clk 00:50:53]} {[%emt 00:01:19]}
b6 {[%clk 00:19:30]} {[%emt 00:03:23]} 25. Rc2 {[%clk 00:47:49]} {[%emt
00:03:35]} Na5 {[%clk 00:19:33]} {[%emt 00:00:27]} 26. Ba2 {[%clk 00:46:06]}
{[%emt 00:02:13]} Rxc2 {[%clk 00:19:01]} {[%emt 00:01:01]} 27. Qxc2 {[%clk
00:46:34]} {[%emt 00:00:02]} Rc8 {[%clk 00:19:04]} {[%emt 00:00:27]} 28. Qe2
{[%clk 00:46:43]} {[%emt 00:00:22]} Rc6 {[%clk 00:12:33]} {[%emt 00:07:00]} 29.
Qxa6 {[%clk 00:45:40]} {[%emt 00:01:33]} Qd7 {[%clk 00:11:17]} {[%emt
00:01:46]} 30. Qb5 {[%clk 00:42:48]} {[%emt 00:03:23]} Nc4 {[%clk 00:06:03]}
{[%emt 00:05:43]} 31. Bxc4 {[%clk 00:40:40]} {[%emt 00:02:38]} dxc4 {[%clk
00:06:18]} {[%emt 00:00:15]} 32. Rxe6 {[%clk 00:40:20]} {[%emt 00:00:51]} 1-0

[Event "DVM U20 2020"]
[Site "Willingen GER"]
[Date "2021.06.25"]
[Round "4"]
[White "Pivtorak, Illia"]
[Black "Tiedemann, Fin Niklas"]
[Result "0-1"]
[Termination "normal"]
[Board "3.4"]
[WhiteElo "1509"]
[BlackElo "1945"]
[WhiteClock "00:08:16"]
[BlackClock "00:36:14"]
[WhiteTeam "Schachklub König Plauen"]
[BlackTeam "Lübecker SV von 1873"]
[PlyCount "104"]
[WhiteFideId "14194317"]
[BlackFideId "12936936"]
[EventCountry "GER"]
[EventRounds "7"]
[EventType "team-swiss"]
[EventDate "2021.06.23"]

1. d4 {[%clk 01:30:57]} {[%emt 00:00:01]} Nf6 {[%clk 01:30:55]} {[%emt
00:00:06]} 2. Bf4 {[%clk 01:31:19]} {[%emt 00:00:08]} g6 {[%clk 01:31:19]}
{[%emt 00:00:05]} 3. e3 {[%clk 01:31:22]} {[%emt 00:00:27]} Bg7 {[%clk
01:31:45]} {[%emt 00:00:04]} 4. Nf3 {[%clk 01:31:13]} {[%emt 00:00:39]} O-O
{[%clk 01:32:09]} {[%emt 00:00:07]} 5. h3 {[%clk 01:30:29]} {[%emt 00:01:14]}
d6 {[%clk 01:32:09]} {[%emt 00:00:29]} 6. c3 {[%clk 01:29:22]} {[%emt
00:01:37]} Nbd7 {[%clk 01:32:29]} {[%emt 00:00:10]} 7. Nbd2 {[%clk 01:28:59]}
{[%emt 00:00:53]} Re8 {[%clk 01:32:47]} {[%emt 00:00:12]} 8. Bh2 {[%clk
01:27:30]} {[%emt 00:01:59]} c5 {[%clk 01:30:45]} {[%emt 00:02:32]} 9. Be2
{[%clk 01:22:56]} {[%emt 00:05:04]} b6 {[%clk 01:23:01]} {[%emt 00:08:14]} 10.
O-O {[%clk 01:13:46]} {[%emt 00:09:40]} Bb7 {[%clk 01:23:25]} {[%emt 00:00:06]}
11. a4 {[%clk 01:12:50]} {[%emt 00:01:26]} a6 {[%clk 01:19:30]} {[%emt
00:04:25]} 12. b4 {[%clk 00:59:33]} {[%emt 00:13:47]} Ne4 {[%clk 01:10:15]}
{[%emt 00:09:44]} 13. Qb3 {[%clk 00:50:58]} {[%emt 00:09:05]} Nxd2 {[%clk
01:00:51]} {[%emt 00:09:54]} 14. Nxd2 {[%clk 00:51:22]} {[%emt 00:00:07]} cxd4
{[%clk 01:01:14]} {[%emt 00:00:07]} 15. cxd4 {[%clk 00:50:59]} {[%emt
00:00:52]} e5 {[%clk 01:01:00]} {[%emt 00:00:44]} 16. dxe5 {[%clk 00:45:58]}
{[%emt 00:05:32]} Nxe5 {[%clk 00:55:54]} {[%emt 00:05:36]} 17. Rad1 {[%clk
00:41:07]} {[%emt 00:05:21]} Qg5 {[%clk 00:51:05]} {[%emt 00:05:19]} 18. f3
{[%clk 00:40:58]} {[%emt 00:00:39]} Qe7 {[%clk 00:48:27]} {[%emt 00:03:07]} 19.
Nc4 {[%clk 00:29:14]} {[%emt 00:12:14]} Nxc4 {[%clk 00:44:56]} {[%emt
00:04:02]} 20. Bxc4 {[%clk 00:27:47]} {[%emt 00:01:57]} Qxe3+ {[%clk 00:44:45]}
{[%emt 00:00:41]} 21. Qxe3 {[%clk 00:28:11]} {[%emt 00:00:06]} Rxe3 {[%clk
00:45:09]} {[%emt 00:00:07]} 22. Rxd6 {[%clk 00:27:59]} {[%emt 00:00:42]} Rc3
{[%clk 00:44:41]} {[%emt 00:00:57]} 23. Bxf7+ {[%clk 00:26:43]} {[%emt
00:01:46]} Kxf7 {[%clk 00:44:07]} {[%emt 00:01:04]} 24. Rd7+ {[%clk 00:27:02]}
{[%emt 00:00:11]} Kg8 {[%clk 00:43:40]} {[%emt 00:00:57]} 25. Rxb7 {[%clk
00:19:09]} {[%emt 00:08:24]} Bd4+ {[%clk 00:37:33]} {[%emt 00:06:36]} 26. Kh1
{[%clk 00:19:34]} {[%emt 00:00:05]} Rac8 {[%clk 00:37:39]} {[%emt 00:00:24]}
27. Bf4 {[%clk 00:18:54]} {[%emt 00:01:10]} Rb3 {[%clk 00:34:58]} {[%emt
00:03:10]} 28. Bd6 {[%clk 00:13:04]} {[%emt 00:06:21]} Ra3 {[%clk 00:32:26]}
{[%emt 00:03:02]} 29. Rd1 {[%clk 00:11:48]} {[%emt 00:01:46]} Bf6 {[%clk
00:26:39]} {[%emt 00:06:17]} 30. Rxb6 {[%clk 00:10:35]} {[%emt 00:01:44]} Rxa4
{[%clk 00:26:45]} {[%emt 00:00:24]} 31. Bc5 {[%clk 00:09:04]} {[%emt 00:02:01]}
Be5 {[%clk 00:26:01]} {[%emt 00:01:14]} 32. Bd6 {[%clk 00:06:47]} {[%emt
00:02:47]} Bf6 {[%clk 00:26:13]} {[%emt 00:00:18]} 33. Bf4 {[%clk 00:06:53]}
{[%emt 00:00:22]} Be7 {[%clk 00:23:18]} {[%emt 00:03:26]} 34. Bd6 {[%clk
00:03:22]} {[%emt 00:04:02]} Bf6 {[%clk 00:23:36]} {[%emt 00:00:12]} 35. f4
{[%clk 00:02:46]} {[%emt 00:01:07]} Rd8 {[%clk 00:17:39]} {[%emt 00:06:27]} 36.
Rc1 {[%clk 00:02:23]} {[%emt 00:00:53]} Bd4 {[%clk 00:18:02]} {[%emt 00:00:06]}
37. Rbc6 {[%clk 00:02:13]} {[%emt 00:00:40]} Be3 {[%clk 00:17:55]} {[%emt
00:00:37]} 38. Re1 {[%clk 00:02:26]} {[%emt 00:00:17]} Bd2 {[%clk 00:17:52]}
{[%emt 00:00:33]} 39. Re4 {[%clk 00:02:13]} {[%emt 00:00:42]} a5 {[%clk
00:17:01]} {[%emt 00:01:23]} 40. Ra6 {[%clk 00:00:32]} {[%emt 00:02:11]} Bxb4
{[%clk 00:15:54]} {[%emt 00:01:37]} 41. Be5 {[%clk 00:26:40]} {[%emt 00:04:22]}
Ra3 {[%clk 00:41:27]} {[%emt 00:04:57]} 42. Ra7 {[%clk 00:21:11]} {[%emt
00:06:00]} Rd1+ {[%clk 00:40:06]} {[%emt 00:01:50]} 43. Kh2 {[%clk 00:21:29]}
{[%emt 00:00:13]} Bc5 {[%clk 00:40:15]} {[%emt 00:00:21]} 44. Ra8+ {[%clk
00:13:59]} {[%emt 00:08:00]} Kf7 {[%clk 00:40:36]} {[%emt 00:00:09]} 45. f5
{[%clk 00:13:26]} {[%emt 00:01:05]} gxf5 {[%clk 00:40:05]} {[%emt 00:01:00]}
46. Re2 {[%clk 00:12:28]} {[%emt 00:01:28]} Bg1+ {[%clk 00:40:16]} {[%emt
00:00:18]} 47. Kh1 {[%clk 00:12:53]} {[%emt 00:00:07]} f4 {[%clk 00:37:56]}
{[%emt 00:02:51]} 48. g4 {[%clk 00:11:54]} {[%emt 00:01:29]} Rxh3+ {[%clk
00:37:56]} {[%emt 00:00:30]} 49. Kg2 {[%clk 00:12:05]} {[%emt 00:00:18]} f3+
{[%clk 00:35:04]} {[%emt 00:03:22]} 50. Kxh3 {[%clk 00:12:27]} {[%emt
00:00:09]} fxe2 {[%clk 00:35:31]} {[%emt 00:00:03]} 51. Bg3 {[%clk 00:11:57]}
{[%emt 00:01:00]} Rd3 {[%clk 00:35:53]} {[%emt 00:00:08]} 52. Ra7+ {[%clk
00:08:16]} {[%emt 00:04:11]} Bxa7 {[%clk 00:36:14]} {[%emt 00:00:09]} 0-1